Prueba de Regiones de Chile: Arica y Parinacota - Estadísticas

Estadísticas generales
  • Esta prueba ha sido intentada 20 veces
  • La puntuación promedio es 12 de 19
Estadísticas de respuestas
Pregunta Respuesta % Correcto
Capital Arica
100%
Comunas Arica
100%
País al que pertenecía antes de la Guerra del Pacífico Perú
94%
Principales actividades económicas Minería
76%
Pueblo Indígena Mayoritario Aymara
71%
Putre
71%
Región de la que se separó el 8 de octubre de 2007 Región de Tarapacá
71%
Ciudad peruana cercana a la capital regional Tacna
71%
Pesca comercial
65%
Conocido valle donde se cultiva aceituna, guayaba, mango, plátano, entre otras frutas Valle de Azapa
65%
Famoso lago ubicado en ese mismo parque nacional Lago Chungará
59%
Conocido cerro costero ubicado en la capital nombrado Monumento Nacional e Histórico de Chile Morro de Arica
59%
Camarones
53%
Antigua cultura en la que se realizaron las primeras momificaciones intencionales del mundo Cultura Chinchorro
53%
General Lagos
47%
Localidad a más altitud de Chile a 4.430 m.s.n.m. Parinacota
47%
Río más boreal de Chile que desemboca 4 km. al norte de la capital regional Río Lluta
47%
Pueblo más septentrional de Chile Visviri
47%
Único parque nacional de la región Parque Nacional Lauca
35%
No se encontraron pruebas coincidentes
Distribución de puntuación
Porcentaje de gente con cada puntuación
Porcentaje por número respondido
Historial de tus puntuaciones
No has intentado esta prueba.